000
00270nam a2200109Ia 4500
008
221009s9999 xx 000 0 und d
082
_a
363/Wei BOOK
100
_a
Weir, David
_9
81284
245
4
_a
The Bhopal Syndrome
260
_b
International Organization
942
_c
BK
999
_c
64578
_d
64578